Neighborhoods of Providence on a Map - Statistics

General Stats
  • This quiz has been taken 22 times
  • The average score is 13 of 25
Answers on the Map
Answers color-coded by a green-red scale on the quiz's map according to % correct below.
 
Answer Stats
Neighborhoods % Correct
Downtown
100%
Federal Hill
90%
College Hill
80%
Olneyville
70%
Elmhurst
60%
Elmwood
60%
Fox Point
60%
Mount Pleasant
60%
Wayland
60%
Blackstone
50%
Charles
50%
Hartford
50%
Lower South Providence
50%
Smith Hill
50%
Upper South Providence
50%
Wanskuck
50%
West End
50%
Manton
40%
Mount Hope
40%
Reservoir
40%
Silver Lake
40%
South Elmwood
40%
Washington Park
40%
Hope
30%
Valley
20%
No matching quizzes found
Score Distribution
Percent of People with Each Score
Percentile by Number Answered
Your Score History
You have not taken this quiz